La prima Bette

Պահպանված է:
Մատենագիտական մանրամասներ
Հիմնական հեղինակ: Balzac, Honoré de (Հեղինակ)
Ձևաչափ: Գիրք
Լեզու:իսպաներեն
Հրապարակվել է: Barcelona Alba 2010
Հրատարակություն:1a. ed
Խորագրեր:
Ցուցիչներ: Ավելացրեք ցուցիչ
Չկան պիտակներ, Եղեք առաջինը, ով նշում է այս գրառումը!

MARC

LEADER 00000cam a2200000 a 4500
001 UCF1707
003 CL-VaPUC
008 120723e20100500SP |||||||||||||||||spa|d
020 |a 9788484285724 
082 0 4 |a 843  |b BAL  |2 21 
100 |a Balzac, Honoré de   |e author  |9 265437 
245 1 3 |a La prima Bette 
250 |a 1a. ed 
300 |a 546 p 
942 |c BK 
945 |d 20120723 00:00:00  |a dcastane 
260 |a Barcelona  |b Alba  |c 2010 
650 0 |a Novela francesa  |9 264985 
650 0 |a Literatura francesa  |9 266330 
583 |a last modification  |c 20120723 10:17:00  |k Rodrigo Vera 
999 |c 348395  |d 348393 
952 |0 0  |1 0  |4 0  |6 843_000000000000000_BAL_2010  |7 0  |8 A  |9 450381  |a BIBING  |b BIBING  |d 2019-11-22  |i 4883756  |l 2  |o 843 BAL 2010  |p 4883756  |r 2025-01-20  |s 2023-11-20  |w 2019-11-22  |y BK  |k CUI